00517nam a2200181Ia 4500008004100000020001500041082000800056100002200064245004600086250000600132260003100138300001600169500002400185650001200209942000700221952009000228999001700318230524s9999 xx 000 0 und d a8177221000 bBEL aJon A.Bell942032 0a3D Studio Max R3 Special Effects & Design a5 aNew DelhibDreamtechc2000 a"XIX,423p:" aQuantity Number: 1 aComp-Sc cBK 00104070aTATCLbTATCLcGENd2023-05-24l0o BELp53887r2023-05-24w2023-05-24yBK c56448d56448